Phong thủy nhà ở : Những điều kiêng kỵ và cách hóa giải
Đã lưu trong:
| Tác giả chính: | |
|---|---|
| Định dạng: | Sách |
| Ngôn ngữ: | Undetermined |
| Được phát hành: |
Đà Nẵng
Tổng hợp Đà Nẵng
2006
|
| Những chủ đề: | |
| Các nhãn: |
Thêm thẻ
Không có thẻ, Là người đầu tiên thẻ bản ghi này!
|
| Thư viện lưu trữ: | Trung tâm Học liệu Trường Đại học Cần Thơ |
|---|
| LEADER | 00673nam a2200217Ia 4500 | ||
|---|---|---|---|
| 001 | CTU_101442 | ||
| 008 | 210402s9999 xx 000 0 und d | ||
| 020 | |c 36000 | ||
| 082 | |a 690.01 | ||
| 082 | |b Ph431 | ||
| 100 | |a Âu, Dương Vũ Phong | ||
| 245 | 0 | |a Phong thủy nhà ở : | |
| 245 | 0 | |b Những điều kiêng kỵ và cách hóa giải | |
| 245 | 0 | |c Âu Dương Vũ Phong; Di Linh biên dịch | |
| 260 | |a Đà Nẵng | ||
| 260 | |b Tổng hợp Đà Nẵng | ||
| 260 | |c 2006 | ||
| 650 | |a Fengshui,Buildings | ||
| 650 | |x Design and construction | ||
| 904 | |i Minh | ||
| 980 | |a Trung tâm Học liệu Trường Đại học Cần Thơ | ||